[Event "Liptovsky Jan op"]
[Site "Liptovsky Jan"]
[Date "2022.06.24"]
[Round "3.53"]
[White "Stefanides, Karol"]
[Black "Pechociakova, Petra"]
[Result "1-0"]
[WhiteElo "1438"]
[BlackElo "1165"]
[PlyCount "69"]
[EventDate "2022.06.23"]
[EventType "swiss"]
[EventRounds "7"]
[EventCountry "SVK"]
[SourceTitle "CBM 209 Extra"]
[Source "ChessBase"]
[SourceDate "2022.09.30"]
[SourceVersion "1"]
[SourceVersionDate "2022.09.30"]
[SourceQuality "1"]

1. d4 d5 2. Nf3 Nc6 3. e3 a6 4. c4 dxc4 5. Bxc4 Nf6 6. 0-0 e6 7. a3 Bd6 8. Nbd2 b5 9. Bd3 0-0 10. Ne4 e5 11. dxe5 Nxe5 12. Nxe5 Bxe5 13. Nxf6+ Qxf6 14. Qc2 g6 15. Rb1 Qg5 16. f4 Bxf4 17. exf4 Qd8 18. b4 Qd4+ 19. Kh1 c6 20. Bb2 Qd5 21. Be4 Qc4 22. Qxc4 bxc4 23. Bxc6 Ra7 24. Rbc1 Be6 25. Kg1 Rc7 26. Bf3 Rd8 27. Rfd1 Rdc8 28. Bc3 h5 29. h3 h4 30. Rd6 Kh7 31. a4 Kh6 32. Rcd1 Bf5 33. R1d4 Bc2 34. a5 Re8 35. Kf2 1-0

[Event "SVK-ch U16/18 Girls"]
[Site "Stara Lubovna"]
[Date "2022.05.25"]
[Round "6"]
[White "Carnecka, Stella"]
[Black "Pechociakova, Petra"]
[Result "1-0"]
[WhiteElo "1648"]
[BlackElo "1160"]
[PlyCount "83"]
[EventDate "2022.05.21"]
[EventType "swiss"]
[EventRounds "9"]
[EventCountry "SVK"]
[SourceTitle "CBM 208 Extra"]
[Source "ChessBase"]
[SourceDate "2022.07.31"]
[SourceVersion "1"]
[SourceVersionDate "2022.07.31"]
[SourceQuality "1"]

1. e4 d5 2. exd5 Qxd5 3. Nc3 Qa5 4. Bc4 Nf6 5. Nf3 Bg4 6. h3 Bxf3 7. Qxf3 Qe5+ 8. Ne2 Qe4 9. Qb3 e6 10. f3 Qg6 11. Qxb7 Qxg2 12. Rg1 Qxh3 13. Bb5+ Nfd7 14. Bxd7+ Kxd7 15. Qxa8 Bc5 16. d4 Qh4+ 17. Kf1 Bxd4 18. Nxd4 Qxd4 19. Qe4 Qxe4 20. fxe4 g6 21. Be3 a5 22. Rd1+ Kc8 23. Rh1 f5 24. exf5 exf5 25. Bd4 Rd8 26. Kg2 h5 27. Bf6 Re8 28. Rhe1 Rf8 29. Bg7 Rf7 30. Re8+ Kb7 31. Bc3 a4 32. Rg8 f4 33. Rxg6 f3+ 34. Kf2 h4 35. Rf6 Rxf6 36. Bxf6 h3 37. Kxf3 h2 38. Be5 Nc6 39. Bxh2 Nb4 40. c3 Nxa2 41. Ra1 a3 42. Rxa2 1-0